All 2024 Olympic Medalists: Taekwondo - Statistics

General Stats
  • This quiz has been taken 7 times
  • The average score is 8 of 32
Answer Stats
Gender Event Medal Nationality/Team Medalist % Correct
Women's 57kg Gold South Korea Kim Yu-jin
67%
Men's 80kg+ Bronze Ivory Coast Cheick Sallah Cisse
50%
Men's 58kg Bronze Tunisia Mohamed Khalil Jendoubi
50%
Women's 57kg Bronze Canada Skylar Park
50%
Men's 80kg Gold Tunisia Firas Katoussi
33%
Women's 49kg Silver China Guo Qing
33%
Women's 67kg Bronze USA Kristina Teachout
33%
Women's 67kg+ Bronze Turkey Nafia Kus
33%
Women's 49kg Gold Thailand Panipak Wongpattanakit
33%
Men's 58kg Gold South Korea Park Tae-joon
33%
Women's 67kg Gold Hungary Viviana Marton
33%
Women's 67kg Silver Serbia Aleksandra Perisic
17%
Women's 67kg+ Gold France Althea Laurin
17%
Men's 80kg+ Gold Iran Arian Salimi
17%
Men's 80kg+ Silver Great Britain Caden Cunningham
17%
Men's 58kg Bronze France Cyrian Ravet
17%
Men's 80kg Bronze Denmark Edi Hrnic
17%
Men's 68kg Bronze Brazil Edival Pontes
17%
Men's 58kg Silver Azerbaijan Gashim Magomedov
17%
Women's 57kg Bronze Bulgaria Kimia Alizadeh
17%
Women's 67kg+ Bronze South Korea Lee Da-bin
17%
Women's 49kg Bronze Croatia Lena Stojkovic
17%
Men's 68kg Bronze China Liang Yushuai
17%
Men's 80kg Silver Iran Mehran Barkhordari
17%
Women's 49kg Bronze Iran Mobina Nematzadeh
17%
Women's 57kg Silver Iran Nahid Kiani
17%
Men's 80kg+ Bronze Cuba Rafael Alba
17%
Women's 67kg Bronze Belgium Sarah Chaari
17%
Men's 80kg Bronze Italy Simone Alessio
17%
Women's 67kg+ Silver Uzbekistan Svetlana Osipova
17%
Men's 68kg Gold Uzbekistan Ulugbek Rashitov
17%
Men's 68kg Silver Jordan Zaid Kareem
17%
No matching quizzes found
Score Distribution
Percent of People with Each Score
Percentile by Number Answered
Your Score History
You have not taken this quiz